Tang lễ cổ truyền người Mường
Giới thiệu những vấn đề chung và các nghi lễ chuẩn bị trước tang lễ; các nghi lễ trong tang lễ cổ truyền của người Mường.
Đã lưu trong:
| Tác giả chính: | |
|---|---|
| Định dạng: | Sách |
| Năm xuất bản: |
H.
Đại học Quốc gia
2010
|
| Chủ đề: | |
| Tags: |
Thêm thẻ
Không có thẻ, Hãy là người đầu tiên gắn thẻ bản ghi này!
|
| LEADER | 00726nam a2200169 4500 | ||
|---|---|---|---|
| 082 | |a 393.93 |b B510H | ||
| 100 | |a Bùi Huy Vọng | ||
| 245 | |a Tang lễ cổ truyền người Mường |c Bùi Huy Vọng | ||
| 260 | |a H. |b Đại học Quốc gia |c 2010 | ||
| 300 | |a 530tr. |c 21cm | ||
| 520 | |a Giới thiệu những vấn đề chung và các nghi lễ chuẩn bị trước tang lễ; các nghi lễ trong tang lễ cổ truyền của người Mường. | ||
| 653 | |a Phong tục và tập quán | ||
| 653 | |a Tang lễ | ||
| 653 | |a Dân tộc Mường | ||
| 942 | |2 ddc |c SH | ||
| 999 | |c 7599 |d 7599 | ||
| 952 | |0 0 |1 0 |2 ddc |4 0 |6 393_930000000000000_B510H |7 0 |8 300 |9 68273 |a qbu |b qbu |c D2 |d 2015-03-11 |o 393.93 B510H |p 7880.C1 |r 0000-00-00 |w 2015-03-11 |y SH | ||